| 000 | 00627nam a22001817a 4500 | ||
|---|---|---|---|
| 999 |
_c177303 _d177303 |
||
| 005 | 20210218154952.0 | ||
| 010 | _aENG-129002 | ||
| 020 |
_c550.00 _a978-93-5195-232-9 |
||
| 035 | _aEN-112534 | ||
| 037 | _bDBAD/PUB | ||
| 082 | _a551.69 | ||
| 100 | _aMridula Ramesh | ||
| 245 |
_aThe Climate Solution: India's Climate- Change Crisis and What We Can Do About It/ _cMridula Ramesh |
||
| 260 |
_aGurugram _bHachette Book Publishing India Pvt. Ltd. _c2019 |
||
| 270 |
_bGurugram _a4th/5th Floors, Corporate Centre, Plot No- 94, Sec- 44 _e122003 |
||
| 300 |
_a325p. _c23cm(hbk) |
||
| 942 |
_2ddc _cEN _h551.69 _mMRI |
||